000 00316nam a2200133Ia 4500
008 230511s2014 xx 000 0 und d
041 _aeng
082 _a343.057
100 _aDivekar G M
245 _aThe Maharashtra Stamp Act
260 _aPune
_bHind Law House
_c2014
300 _a623
906 _aStamp Act
999 _c351669
_d351669